Loyola por el rey (Record no. 142691)

MARC details
000 -LEADER
campo de control de longitud fija 00507nam a2200157 i 4500
001 - NÚMERO DE CONTROL
campo de control 142691
003 - IDENTIFICADOR DE NÚMERO DE CONTROL
campo de control ES-MaACL
005 - FECHA Y HORA DE LA ÚLTIMA TRANSACCIÓN
campo de control 20230906200609.0
007 - CAMPO FIJO DE DESCRIPCIÓN FÍSICA--INFORMACIÓN GENERAL
campo de control de longitud fija t|
008 - DATOS DE LONGITUD FIJA--INFORMACIÓN GENERAL
campo de control de longitud fija 071009s1956 sp ||||1| spa d
100 1# - ENTRADA PRINCIPAL--NOMBRE DE PERSONA
Nombre de persona Viana Irimo, Luís María de.
9 (RLIN) 114284
245 10 - MENCIÓN DEL TÍTULO
Título Loyola por el rey
Resto del título : IV Centenario de San Ignacio, 1556-1956 /
Mención de responsabilidad, etc. Luis María de Viana Irimo.
260 ## - PUBLICACIÓN, DISTRIBUCIÓN, ETC.
Lugar de publicación, distribución, etc. Valladolid :
Nombre del editor, distribuidor, etc. [s.n.],
Fecha de publicación, distribución, etc. 1956 (
Fabricante Casa Martín)
300 ## - DESCRIPCIÓN FÍSICA
Extensión 267 p., 8 lám. ;
Dimensiones 21 cm.
852 ## - LOCALIZACIÓN
Ubicación ES-MaACL
Número de control de estantería C-11830
Sublocalización o colección R.39968
Holdings
Estatus retirado Estado de pérdida Estado de daño No para préstamo Biblioteca de origen Biblioteca actual Ubicación en estantería Fecha de adquisición Fuente de adquisición Total de préstamos Signatura topográfica completa Código de barras Visto por última vez Precio de reemplazo Tipo de ítem Koha
        Biblioteca del Ateneo de Madrid Biblioteca del Ateneo de Madrid Sala Palomar 17/01/2008     C-11830 1148468 23/02/2023 23/02/2023 Libro impreso